| 000 | 00649nam a2200193Ia 4500 | ||
|---|---|---|---|
| 008 | 090123s9999 xx 000 0 und d | ||
| 082 | _b39913 | ||
| 100 | _aविल्यम डॅलरिपल | ||
| 245 | _aव्हाईट मुघल्स | ||
| 250 | _a1 | ||
| 260 |
_bमेहता पब्लिशिंग हाऊस _c2006 |
||
| 300 | _a431 | ||
| 600 | _aविल्यम डॅलरिपल | ||
| 630 | _aव्हाईट मुघल्स | ||
| 700 | _aनरवणे सुधा | ||
| 700 | _aविल्यम डॅलरिपल | ||
| 730 | _aव्हाईट मुघल्स | ||
| 942 | _cBOOK | ||
| 999 |
_c78004 _d78004 |
||